00218nam a22000737a 4500008004100000082001000041245008500051300000800136230602b xxu||||| |||| 00| 0 eng d a303.6 aEthnic conflict management in kenyabAn introductory handbook for peace Building a52p